=LDR 00000nam 2200000 4500 =001 INLIS000000000035890 =005 20130612141719 =008 ***********************************Ind** =035 ##$$a0010-061300000035890 =041 ##$$a Ind =082 ##$$a 620.820 =090 ##$$a 620.820, jum =100 ##$$a Djumhana, Muhammad =245 ##$$a Hukum dalam perkembangan bioteknologi =260 ##$$a 1995 $b Bandung =300 ##$$a 336 hlm, ilus, 25 cm =850 ##$$a NBPNMAT =990 ##$$a 21400613/BPAP-NTB/20142014